Poema del otoño (y otros poemas)

সংরক্ষণ করুন:
গ্রন্থ-পঞ্জীর বিবরন
প্রধান লেখক: Darío, Rubén
বিন্যাস: গ্রন্থ
ভাষা:Spanish
প্রকাশিত: Madrid, España Editorial San Pedro [s.f.]
বিষয়গুলি:
ট্যাগগুলো: ট্যাগ যুক্ত করুন
কোনো ট্যাগ নেই, প্রথমজন হিসাবে ট্যাগ করুন!

MARC

LEADER 00000nam a2200000Ia 4500
008 170316s9999 xx 000 0 spa d
999 |c 8626  |d 8626 
040 |a cru BVZT 
090 |a 860 D-3po 
100 |a Darío, Rubén 
245 |a Poema del otoño (y otros poemas)  |c Rubén Darío. Enrique Ochoa, ilustrador 
260 |a Madrid, España 
260 |b Editorial San Pedro 
260 |c [s.f.] 
300 |a 211 páginas. Vol. XIX 
650 |a LITERATURA LATINOAMERICANA  |9 15 
650 |a POEMAS 
942 |c LIB  |h 860 D-3po  |2 z